000 00357 a2200157 4500
001 44866
020 _a8560129065
040 _cAnchieta - Aquarius
100 _aCastilho, Renata Dias
240 1 0 _aO sonho de Faisquinha
_lpor
245 1 0 _aO sonho de Faisquinha
300 _a24
362 0 _a2006
650 4 _aLiteratura infanto-juvenil
942 _cBK
999 _c44866
_d44866